| 000 -LEADER |
| fixed length control field |
01730cam a22004454a 4500 |
| 001 - CONTROL NUMBER |
| control field |
16370684 |
| 003 - CONTROL NUMBER IDENTIFIER |
| control field |
NUST |
| 005 - DATE AND TIME OF LATEST TRANSACTION |
| control field |
20220307150056.0 |
| 008 - FIXED-LENGTH DATA ELEMENTS--GENERAL INFORMATION |
| fixed length control field |
100802s2009 bg ab b 001 0 eng |
| 010 ## - LIBRARY OF CONGRESS CONTROL NUMBER |
| LC control number |
2010327409 |
| 020 ## - INTERNATIONAL STANDARD BOOK NUMBER |
| International Standard Book Number |
9789843303448 |
| 025 ## - OVERSEAS ACQUISITION NUMBER |
| Overseas acquisition number |
B-E-2010-327409; 21-92; 04 |
| 037 ## - SOURCE OF ACQUISITION |
| Source of stock number/acquisition |
Library of Congress -- New Delhi Overseas Office |
| 038 ## - RECORD CONTENT LICENSOR |
| Staff Name |
waseem |
| 040 ## - CATALOGING SOURCE |
| Original cataloging agency |
DLC |
| Transcribing agency |
DLC |
| Modifying agency |
DLC |
| 041 0# - LANGUAGE CODE |
| Language code of text/sound track or separate title |
eng |
| -- |
ara |
| -- |
per |
| 042 ## - AUTHENTICATION CODE |
| Authentication code |
lcode |
| 043 ## - GEOGRAPHIC AREA CODE |
| Geographic area code |
a-ii--- |
| 050 00 - LIBRARY OF CONGRESS CALL NUMBER |
| Classification number |
CN1173.B4 |
| Item number |
S525 2009 |
| 082 ## - DEWEY DECIMAL CLASSIFICATION NUMBER |
| Classification number |
954.5492 |
| Author Mark |
SID |
| 100 1# - MAIN ENTRY--PERSONAL NAME |
| Personal name |
Siddiq, Mohammad Yusuf. |
| 9 (RLIN) |
90388 |
| 245 10 - TITLE STATEMENT |
| Title |
Historical and cultural aspects of the Islamic inscriptions of Bengal : |
| Remainder of title |
a reflective study of some new epigraphic discoveries / |
| Statement of responsibility, etc. |
Mohammad Yusuf Siddiq ; general editor, Enamul Haque. |
| 260 ## - PUBLICATION, DISTRIBUTION, ETC. |
| Place of publication, distribution, etc. |
Dhaka : |
| Name of publisher, distributor, etc. |
International Centre for Study of Bengal Art, |
| Date of publication, distribution, etc. |
2009. |
| 300 ## - PHYSICAL DESCRIPTION |
| Extent |
316 p. : |
| Other physical details |
ill., maps ; |
| Dimensions |
29 cm. |
| 490 0# - SERIES STATEMENT |
| Series statement |
Studies in Bengali art series ; |
| Volume/sequential designation |
no. 10 |
| 504 ## - BIBLIOGRAPHY, ETC. NOTE |
| Bibliography, etc. note |
Includes bibliographical references (p. [299]-308) and index. |
| 546 ## - LANGUAGE NOTE |
| Language note |
Includes passages in Arabic and Persian. |
| 563 ## - BINDING INFORMATION |
| Binding note |
HBK. |
| 650 #0 - SUBJECT ADDED ENTRY--TOPICAL TERM |
| Topical term or geographic name entry element |
Islamic inscriptions |
| Geographic subdivision |
India |
| -- |
Bengal. |
| 9 (RLIN) |
90389 |
| 650 #0 - SUBJECT ADDED ENTRY--TOPICAL TERM |
| Topical term or geographic name entry element |
Islamic inscriptions |
| Geographic subdivision |
Bangladesh. |
| 9 (RLIN) |
90390 |
| 650 #0 - SUBJECT ADDED ENTRY--TOPICAL TERM |
| Topical term or geographic name entry element |
Inscriptions, Arabic |
| Geographic subdivision |
India |
| -- |
Bengal. |
| 9 (RLIN) |
90391 |
| 650 #0 - SUBJECT ADDED ENTRY--TOPICAL TERM |
| Topical term or geographic name entry element |
Inscriptions, Arabic |
| Geographic subdivision |
Bangladesh. |
| 9 (RLIN) |
90392 |
| 651 #0 - SUBJECT ADDED ENTRY--GEOGRAPHIC NAME |
| Geographic name |
Bengal (India) |
| General subdivision |
Civilization |
| -- |
Islamic influences. |
| 9 (RLIN) |
90393 |
| 651 #0 - SUBJECT ADDED ENTRY--GEOGRAPHIC NAME |
| Geographic name |
Bengal (India) |
| General subdivision |
History. |
| 9 (RLIN) |
90394 |
| 651 #0 - SUBJECT ADDED ENTRY--GEOGRAPHIC NAME |
| Geographic name |
Bangladesh |
| General subdivision |
History. |
| 9 (RLIN) |
90395 |
| 710 2# - ADDED ENTRY--CORPORATE NAME |
| Corporate name or jurisdiction name as entry element |
International Centre for Study of Bengal Art. |
| 9 (RLIN) |
90396 |
| 906 ## - LOCAL DATA ELEMENT F, LDF (RLIN) |
| a |
7 |
| b |
cbc |
| c |
origode |
| d |
3 |
| e |
ncip |
| f |
20 |
| g |
y-gencatlg |
| 942 ## - ADDED ENTRY ELEMENTS (KOHA) |
| Source of classification or shelving scheme |
|
| Koha item type |
Book |